[Event "Blitz 2018"]
[Site "Saint-Petersburg"]
[Date "2018.12.30"]
[Round "14"]
[Board "5"]
[White "Maghsoodloo Parham (IRI)"]
[Black "Aronian Levon (ARM)"]
[Result "0-1"]
[LiveChessVersion "1.4.8"]
[BlackElo "2858"]
[WhiteElo "2642"]

1. Nf3 {[%clk 0:03:02]} d5 {[%clk 0:03:03]} 2. b3 {[%clk 0:03:03]} c6
{[%clk 0:03:02]} 3. Bb2 {[%clk 0:03:04]} Bf5 {[%clk 0:03:01]} 4. d3
{[%clk 0:02:51]} e6 {[%clk 0:03:00]} 5. Nbd2 {[%clk 0:02:52]} h6 {[%clk 0:02:57]}
6. g3 {[%clk 0:02:44]} Nf6 {[%clk 0:02:55]} 7. Bg2 {[%clk 0:02:44]} Be7
{[%clk 0:02:53]} 8. O-O {[%clk 0:02:35]} O-O {[%clk 0:02:53]} 9. c4
{[%clk 0:02:35]} Bh7 {[%clk 0:02:51]} 10. a3 {[%clk 0:02:36]} a5 {[%clk 0:02:51]}
11. Qc2 {[%clk 0:02:18]} Na6 {[%clk 0:02:46]} 12. Bc3 {[%clk 0:02:17]} c5
{[%clk 0:02:34]} 13. Rad1 {[%clk 0:01:56]} d4 {[%clk 0:02:28]} 14. Bb2
{[%clk 0:01:57]} Nd7 {[%clk 0:02:27]} 15. e3 {[%clk 0:01:54]} e5 {[%clk 0:02:26]}
16. Rfe1 {[%clk 0:01:53]} Re8 {[%clk 0:02:09]} 17. exd4 {[%clk 0:01:40]} exd4
{[%clk 0:02:10]} 18. h3 {[%clk 0:01:39]} Qc7 {[%clk 0:01:48]} 19. Bc1
{[%clk 0:01:35]} Nf6 {[%clk 0:01:38]} 20. Nh2 {[%clk 0:01:21]} Qd7
{[%clk 0:01:32]} 21. Ndf1 {[%clk 0:01:04]} Nb8 {[%clk 0:01:26]} 22. g4
{[%clk 0:01:05]} Nc6 {[%clk 0:01:23]} 23. f4 {[%clk 0:01:06]} Bd6
{[%clk 0:01:14]} 24. f5 {[%clk 0:00:52]} Qc7 {[%clk 0:01:14]} 25. Qf2
{[%clk 0:00:50]} a4 {[%clk 0:00:55]} 26. bxa4 {[%clk 0:00:50]} Rxa4
{[%clk 0:00:53]} 27. h4 {[%clk 0:00:33]} Rxe1 {[%clk 0:00:47]} 28. Rxe1
{[%clk 0:00:31]} Ne5 {[%clk 0:00:48]} 29. Qe2 {[%clk 0:00:32]} Nfd7
{[%clk 0:00:40]} 30. Be4 {[%clk 0:00:27]} Nf6 {[%clk 0:00:40]} 31. Bg2
{[%clk 0:00:28]} Nfd7 {[%clk 0:00:40]} 32. Be4 {[%clk 0:00:21]} Nf6
{[%clk 0:00:40]} 33. Bg2 {[%clk 0:00:22]} Nfd7 {[%clk 0:00:36]} 34. Bh3
{[%clk 0:00:23]} b5 {[%clk 0:00:30]} 35. cxb5 {[%clk 0:00:24]} c4
{[%clk 0:00:32]} 36. g5 {[%clk 0:00:11]} Nxd3 {[%clk 0:00:25]} 37. Qc2
{[%clk 0:00:03]} Bxh2+ {[%clk 0:00:22]} 38. Kh1 Ra8 39. Rd1 Bf4 40. Rxd3 cxd3 41.
Qxc7 Bxc7 42. g6 Bd6 43. gxh7+ Kxh7 44. Bg2 Rc8 45. Bd2 Bxa3 46. f6 Bc1 47. Bh3
Bxd2 48. Bxd7 Rc1 49. Kg2 g6 50. b6 Bf4 51. Bb5 d2 0-1

[Event "Blitz 2018"]
[Site "Saint-Petersburg"]
[Date "2018.12.30"]
[Round "14"]
[Board "6"]
[White "Jobava Baadur (GEO)"]
[Black "Nepomniachtchi Ian (RUS)"]
[Result "1/2-1/2"]
[LiveChessVersion "1.4.8"]
[BlackElo "2846"]
[WhiteElo "2705"]

1. d4 {[%clk 0:03:03]} g6 {[%clk 0:03:03]} 2. e4 {[%clk 0:03:03]} Bg7
{[%clk 0:03:05]} 3. c4 {[%clk 0:03:04]} Nc6 {[%clk 0:03:04]} 4. Ne2
{[%clk 0:03:02]} d6 {[%clk 0:02:58]} 5. Nbc3 {[%clk 0:03:02]} e5 {[%clk 0:02:59]}
6. d5 {[%clk 0:03:02]} Nd4 {[%clk 0:02:58]} 7. Be3 {[%clk 0:03:03]} Nxe2
{[%clk 0:02:31]} 8. Bxe2 {[%clk 0:03:03]} f5 {[%clk 0:02:27]} 9. f3
{[%clk 0:03:00]} Nf6 {[%clk 0:02:27]} 10. O-O {[%clk 0:03:00]} O-O
{[%clk 0:02:28]} 11. c5 {[%clk 0:02:55]} Nh5 {[%clk 0:02:24]} 12. cxd6
{[%clk 0:02:54]} cxd6 {[%clk 0:02:25]} 13. Rc1 {[%clk 0:02:54]} Nf4
{[%clk 0:02:17]} 14. Kh1 {[%clk 0:02:47]} a6 {[%clk 0:01:49]} 15. Na4
{[%clk 0:02:45]} Nxe2 {[%clk 0:01:48]} 16. Qxe2 {[%clk 0:02:46]} Bd7
{[%clk 0:01:50]} 17. Nc3 {[%clk 0:02:45]} fxe4 {[%clk 0:01:48]} 18. fxe4
{[%clk 0:02:45]} Qh4 {[%clk 0:01:48]} 19. Rxf8+ {[%clk 0:02:33]} Rxf8
{[%clk 0:01:49]} 20. Rf1 {[%clk 0:02:35]} Rxf1+ {[%clk 0:01:35]} 21. Qxf1
{[%clk 0:02:36]} b5 {[%clk 0:01:37]} 22. a3 {[%clk 0:02:35]} a5 {[%clk 0:01:18]}
23. b4 {[%clk 0:02:35]} axb4 {[%clk 0:01:12]} 24. axb4 {[%clk 0:02:37]} Qd8
{[%clk 0:01:13]} 25. h3 {[%clk 0:02:14]} Qa8 {[%clk 0:01:12]} 26. Qc1
{[%clk 0:02:04]} Qc8 {[%clk 0:01:10]} 27. Ne2 {[%clk 0:02:02]} Bxh3
{[%clk 0:00:44]} 28. gxh3 {[%clk 0:01:49]} Qxh3+ {[%clk 0:00:44]} 29. Kg1
{[%clk 0:01:51]} h5 {[%clk 0:00:45]} 30. Nc3 {[%clk 0:01:08]} Qg3+
{[%clk 0:00:41]} 31. Kf1 {[%clk 0:01:09]} Qf3+ {[%clk 0:00:42]} 32. Kg1
{[%clk 0:00:57]} h4 {[%clk 0:00:40]} 33. Qd2 {[%clk 0:00:53]} Qg3+
{[%clk 0:00:36]} 34. Kh1 {[%clk 0:00:52]} Qh3+ {[%clk 0:00:37]} 35. Kg1
{[%clk 0:00:53]} Qg3+ {[%clk 0:00:38]} 36. Kf1 {[%clk 0:00:53]} Qh3+
{[%clk 0:00:39]} 37. Kg1 {[%clk 0:00:42]} Qg3+ {[%clk 0:00:39]} 38. Kh1
{[%clk 0:00:38]} 1/2-1/2

[Event "Blitz 2018"]
[Site "Saint-Petersburg"]
[Date "2018.12.30"]
[Round "14"]
[Board "7"]
[White "Karjakin Sergey (RUS)"]
[Black "Dreev Aleksey (RUS)"]
[Result "1/2-1/2"]
[LiveChessVersion "1.4.8"]
[BlackElo "2675"]
[WhiteElo "2759"]

1. e4 {[%clk 0:03:03]} c6 {[%clk 0:03:04]} 2. d4 {[%clk 0:03:04]} d5
{[%clk 0:03:05]} 3. e5 {[%clk 0:03:06]} Bf5 {[%clk 0:03:06]} 4. Nf3
{[%clk 0:03:07]} e6 {[%clk 0:03:07]} 5. Be2 {[%clk 0:03:08]} c5 {[%clk 0:03:08]}
6. Be3 {[%clk 0:03:08]} cxd4 {[%clk 0:03:09]} 7. Nxd4 {[%clk 0:03:09]} Ne7
{[%clk 0:03:10]} 8. O-O {[%clk 0:03:08]} Nbc6 {[%clk 0:03:11]} 9. Bb5
{[%clk 0:03:06]} a6 {[%clk 0:03:11]} 10. Bxc6+ {[%clk 0:03:06]} Nxc6
{[%clk 0:03:12]} 11. Nxf5 {[%clk 0:03:04]} exf5 {[%clk 0:03:13]} 12. c3
{[%clk 0:02:55]} Be7 {[%clk 0:03:11]} 13. Nd2 {[%clk 0:02:26]} Nxe5
{[%clk 0:03:01]} 14. Bd4 {[%clk 0:02:08]} f6 {[%clk 0:03:00]} 15. Qb3
{[%clk 0:01:49]} Qd7 {[%clk 0:02:47]} 16. Rfd1 {[%clk 0:01:44]} Nc6
{[%clk 0:01:49]} 17. Nf1 {[%clk 0:01:34]} Na5 {[%clk 0:01:29]} 18. Qc2
{[%clk 0:01:34]} O-O {[%clk 0:01:29]} 19. Rd3 {[%clk 0:01:10]} f4
{[%clk 0:01:26]} 20. Rad1 {[%clk 0:01:09]} Qf5 {[%clk 0:01:12]} 1/2-1/2

[Event "Blitz 2018"]
[Site "Saint-Petersburg"]
[Date "2018.12.30"]
[Round "14"]
[Board "10"]
[White "Gelfand Boris (ISR)"]
[Black "Inarkiev Ernesto (RUS)"]
[Result "1-0"]
[LiveChessVersion "1.4.8"]
[BlackElo "2674"]
[WhiteElo "2722"]

1. Nf3 {[%clk 0:03:03]} d5 {[%clk 0:03:02]} 2. d4 {[%clk 0:03:04]} e6
{[%clk 0:03:03]} 3. c4 {[%clk 0:03:05]} dxc4 {[%clk 0:03:04]} 4. e3 c5 5. Bxc4
{[%clk 0:03:03]} Nc6 {[%clk 0:03:07]} 6. O-O {[%clk 0:02:59]} Nf6
{[%clk 0:03:09]} 7. Nc3 {[%clk 0:02:49]} a6 {[%clk 0:03:10]} 8. d5
{[%clk 0:02:43]} Na5 {[%clk 0:02:20]} 9. b3 {[%clk 0:02:44]} b5 {[%clk 0:02:18]}
10. Bd3 {[%clk 0:02:45]} exd5 {[%clk 0:02:18]} 11. e4 {[%clk 0:02:40]} d4
{[%clk 0:01:59]} 12. e5 {[%clk 0:02:40]} Nd5 {[%clk 0:01:04]} 13. Nxd5
{[%clk 0:02:31]} Qxd5 {[%clk 0:01:06]} 14. Re1 {[%clk 0:02:24]} Ra7
{[%clk 0:00:57]} 15. Be4 {[%clk 0:01:49]} Qd8 {[%clk 0:00:58]} 16. e6
{[%clk 0:01:39]} Bxe6 {[%clk 0:00:39]} 17. Ng5 {[%clk 0:01:40]} Re7
{[%clk 0:00:36]} 18. Bd2 {[%clk 0:01:32]} h6 {[%clk 0:00:20]} 19. Nxe6
{[%clk 0:01:20]} Rxe6 {[%clk 0:00:21]} 20. Bf5 {[%clk 0:01:21]} Re7
{[%clk 0:00:20]} 21. Qf3 {[%clk 0:01:16]} b4 {[%clk 0:00:15]} 22. a3
{[%clk 0:01:04]} g6 {[%clk 0:00:15]} 23. Be4 {[%clk 0:00:45]} Qb8
{[%clk 0:00:14]} 24. axb4 {[%clk 0:00:44]} Nb7 {[%clk 0:00:15]} 25. Bc6+
{[%clk 0:00:39]} Kd8 {[%clk 0:00:16]} 26. Rxe7 {[%clk 0:00:40]} Bxe7
{[%clk 0:00:18]} 27. Bxb7 Kc7 {[%clk 0:00:15]} 28. Bf4+ {[%clk 0:00:41]} Bd6
{[%clk 0:00:17]} 29. Bxd6+ {[%clk 0:00:42]} Kxd6 {[%clk 0:00:18]} 30. Rxa6+
{[%clk 0:00:37]} Ke7 {[%clk 0:00:17]} 31. Qf6+ {[%clk 0:00:37]} 1-0

[Event "Blitz 2018"]
[Site "Saint-Petersburg"]
[Date "2018.12.30"]
[Round "14"]
[Board "11"]
[White "Jones Gawain C B (ENG)"]
[Black "Indjic Aleksandar (SRB)"]
[Result "1-0"]
[LiveChessVersion "1.4.8"]
[BlackElo "2643"]
[WhiteElo "2722"]

1. e4 {[%clk 0:03:02]} c6 {[%clk 0:03:02]} 2. d4 {[%clk 0:03:02]} d5
{[%clk 0:03:02]} 3. e5 {[%clk 0:03:03]} c5 {[%clk 0:03:02]} 4. Nf3
{[%clk 0:03:04]} cxd4 {[%clk 0:02:59]} 5. Nxd4 {[%clk 0:03:05]} e6
{[%clk 0:02:58]} 6. Nd2 {[%clk 0:03:03]} Ne7 {[%clk 0:02:58]} 7. Bd3
{[%clk 0:03:02]} Nec6 {[%clk 0:02:59]} 8. N2f3 {[%clk 0:02:56]} Nxd4
{[%clk 0:02:59]} 9. Nxd4 {[%clk 0:02:57]} Nc6 {[%clk 0:03:00]} 10. Nf3
{[%clk 0:02:49]} Bc5 {[%clk 0:02:31]} 11. O-O {[%clk 0:02:46]} h6
{[%clk 0:02:31]} 12. c3 {[%clk 0:02:44]} a6 {[%clk 0:02:32]} 13. Re1
{[%clk 0:02:37]} b5 {[%clk 0:02:31]} 14. Be3 {[%clk 0:02:36]} Qb6
{[%clk 0:02:20]} 15. a4 {[%clk 0:02:32]} Bxe3 {[%clk 0:01:47]} 16. Rxe3
{[%clk 0:02:32]} b4 {[%clk 0:01:48]} 17. a5 {[%clk 0:02:06]} Nxa5
{[%clk 0:01:13]} 18. Qa4+ {[%clk 0:01:35]} Nc6 {[%clk 0:01:12]} 19. Nd4
{[%clk 0:01:33]} Bd7 {[%clk 0:01:02]} 20. Bb5 {[%clk 0:01:32]} Rc8
{[%clk 0:00:25]} 21. Bxc6 {[%clk 0:01:32]} Bxc6 {[%clk 0:00:21]} 22. Qxa6
{[%clk 0:01:23]} Qxa6 {[%clk 0:00:21]} 23. Rxa6 {[%clk 0:01:23]} Bd7
{[%clk 0:00:23]} 24. Ra7 {[%clk 0:01:18]} Ke7 {[%clk 0:00:18]} 25. h4
{[%clk 0:01:19]} bxc3 {[%clk 0:00:17]} 26. bxc3 {[%clk 0:01:16]} Rc5
{[%clk 0:00:06]} 27. h5 {[%clk 0:01:14]} Rd8 {[%clk 0:00:06]} 28. Rg3
{[%clk 0:00:55]} Kf8 {[%clk 0:00:07]} 29. Rf3 {[%clk 0:00:56]} Ke7
{[%clk 0:00:08]} 30. Rb7 {[%clk 0:00:48]} Ke8 {[%clk 0:00:06]} 31. Rg3
{[%clk 0:00:48]} Kf8 {[%clk 0:00:07]} 32. Re3 {[%clk 0:00:45]} Be8
{[%clk 0:00:07]} 33. Rf3 {[%clk 0:00:31]} Kg8 {[%clk 0:00:09]} 34. Rg3
{[%clk 0:00:29]} Kf8 {[%clk 0:00:10]} 35. Rxg7 {[%clk 0:00:27]} Rxc3
{[%clk 0:00:09]} 36. Rh7 {[%clk 0:00:24]} Bd7 {[%clk 0:00:10]} 37. Rxh6
{[%clk 0:00:21]} Rc4 {[%clk 0:00:11]} 38. Rh8+ {[%clk 0:00:20]} Ke7
{[%clk 0:00:13]} 39. Rxd8 {[%clk 0:00:21]} Kxd8 {[%clk 0:00:14]} 40. h6
{[%clk 0:00:13]} Rxd4 {[%clk 0:00:14]} 41. g3 {[%clk 0:00:14]} Rd1+
{[%clk 0:00:15]} 42. Kh2 {[%clk 0:00:08]} Bc6 {[%clk 0:00:14]} 43. Rb6
{[%clk 0:00:06]} Kc7 {[%clk 0:00:08]} 44. Rxc6+ {[%clk 0:00:07]} Kxc6
{[%clk 0:00:09]} 45. h7 {[%clk 0:00:09]} Rd2 {[%clk 0:00:11]} 46. Kg2
{[%clk 0:00:10]} Re2 47. h8=Q {[%clk 0:00:10]} d4 {[%clk 0:00:11]} 48. Qd8
{[%clk 0:00:07]} Rxe5 {[%clk 0:00:10]} 49. Qxd4 {[%clk 0:00:08]} Rd5
{[%clk 0:00:11]} 50. Qf6 {[%clk 0:00:08]} Rf5 {[%clk 0:00:12]} 51. Qe7
{[%clk 0:00:09]} Kd5 {[%clk 0:00:14]} 52. g4 {[%clk 0:00:10]} Rf4
{[%clk 0:00:15]} 53. Kg3 {[%clk 0:00:11]} e5 {[%clk 0:00:16]} 54. Qd7+
{[%clk 0:00:10]} Kc4 {[%clk 0:00:16]} 55. Qd6 {[%clk 0:00:11]} f6
{[%clk 0:00:17]} 56. g5 {[%clk 0:00:11]} fxg5 {[%clk 0:00:17]} 57. Qxe5
{[%clk 0:00:12]} Kd5 1-0

[Event "Blitz 2018"]
[Site "Saint-Petersburg"]
[Date "2018.12.30"]
[Round "14"]
[Board "12"]
[White "Golubov Saveliy (RUS)"]
[Black "Melkumyan Hrant (ARM)"]
[Result "1-0"]
[LiveChessVersion "1.4.8"]
[BlackElo "2699"]
[WhiteElo "2574"]

1. d4 {[%clk 0:03:03]} e6 {[%clk 0:03:04]} 2. Nf3 {[%clk 0:03:04]} Nf6
{[%clk 0:03:00]} 3. Bf4 {[%clk 0:03:05]} d5 {[%clk 0:02:56]} 4. e3
{[%clk 0:03:06]} c5 {[%clk 0:02:57]} 5. c3 {[%clk 0:03:07]} Bd6 {[%clk 0:02:57]}
6. Bg3 {[%clk 0:03:09]} O-O {[%clk 0:02:56]} 7. Nbd2 {[%clk 0:03:09]} Qc7
{[%clk 0:02:54]} 8. dxc5 {[%clk 0:02:34]} Qxc5 {[%clk 0:02:54]} 9. Bd3
{[%clk 0:02:34]} Nbd7 {[%clk 0:02:45]} 10. Qe2 {[%clk 0:01:34]} Re8
{[%clk 0:02:40]} 11. Bxd6 {[%clk 0:01:15]} Qxd6 {[%clk 0:02:41]} 12. e4
{[%clk 0:01:16]} e5 {[%clk 0:02:37]} 13. O-O {[%clk 0:00:58]} Nc5
{[%clk 0:02:38]} 14. Rad1 {[%clk 0:00:42]} Bg4 {[%clk 0:02:33]} 15. Bb1
{[%clk 0:00:26]} Qe6 {[%clk 0:01:55]} 16. exd5 {[%clk 0:00:19]} Nxd5
{[%clk 0:01:52]} 17. Qc4 {[%clk 0:00:20]} e4 {[%clk 0:01:15]} 18. Nd4
{[%clk 0:00:14]} Qd6 {[%clk 0:01:02]} 19. Nb5 {[%clk 0:00:15]} Qc6
{[%clk 0:01:01]} 20. Nd4 {[%clk 0:00:16]} Qd6 {[%clk 0:00:45]} 21. Nb5
{[%clk 0:00:17]} Qe7 {[%clk 0:00:47]} 22. Rde1 {[%clk 0:00:13]} Nf6
{[%clk 0:00:43]} 23. f3 {[%clk 0:00:08]} Be6 {[%clk 0:00:44]} 24. Qb4
{[%clk 0:00:09]} a5 {[%clk 0:00:45]} 25. Qa3 {[%clk 0:00:10]} Nd3
{[%clk 0:00:30]} 26. Qxe7 {[%clk 0:00:08]} Rxe7 {[%clk 0:00:32]} 27. Bxd3
{[%clk 0:00:08]} exd3 {[%clk 0:00:33]} 28. Nd4 {[%clk 0:00:09]} Nd5
{[%clk 0:00:20]} 29. Kf2 {[%clk 0:00:09]} Ree8 {[%clk 0:00:21]} 30. Re4
{[%clk 0:00:06]} a4 {[%clk 0:00:22]} 31. a3 {[%clk 0:00:07]} Nf6 {[%clk 0:00:20]}
32. Re3 {[%clk 0:00:08]} Bd7 {[%clk 0:00:12]} 33. Rfe1 {[%clk 0:00:09]} Nd5
{[%clk 0:00:08]} 34. Re5 {[%clk 0:00:08]} Nf4 {[%clk 0:00:07]} 35. Rxe8+
{[%clk 0:00:09]} Bxe8 {[%clk 0:00:08]} 36. g3 {[%clk 0:00:09]} Nd5
{[%clk 0:00:08]} 37. Re5 {[%clk 0:00:10]} Nb6 {[%clk 0:00:05]} 38. Re7
{[%clk 0:00:07]} Bd7 {[%clk 0:00:06]} 39. Re3 {[%clk 0:00:06]} Kf8
{[%clk 0:00:05]} 40. Rxd3 {[%clk 0:00:07]} Rc8 {[%clk 0:00:07]} 41. Ne2
{[%clk 0:00:06]} Bb5 42. Rd4 Bxe2 {[%clk 0:00:04]} 43. Kxe2 {[%clk 0:00:09]} Rc6
{[%clk 0:00:05]} 44. f4 {[%clk 0:00:07]} h5 {[%clk 0:00:05]} 45. Kf3
{[%clk 0:00:08]} g6 {[%clk 0:00:04]} 46. h3 {[%clk 0:00:09]} Ke7 {[%clk 0:00:05]}
47. g4 {[%clk 0:00:11]} hxg4+ {[%clk 0:00:05]} 48. hxg4 {[%clk 0:00:13]} Kf8
{[%clk 0:00:05]} 49. f5 {[%clk 0:00:12]} gxf5 {[%clk 0:00:06]} 50. gxf5
{[%clk 0:00:14]} Kg7 {[%clk 0:00:07]} 51. Kf4 {[%clk 0:00:13]} Rh6
{[%clk 0:00:08]} 52. Kg3 {[%clk 0:00:06]} Rh5 {[%clk 0:00:07]} 53. Rb4
{[%clk 0:00:05]} Nd5 {[%clk 0:00:05]} 54. Rxb7 {[%clk 0:00:06]} Rxf5
{[%clk 0:00:07]} 55. Ne4 {[%clk 0:00:07]} Ne3 {[%clk 0:00:05]} 56. Nd6
{[%clk 0:00:06]} Rf1 {[%clk 0:00:06]} 57. Rb4 {[%clk 0:00:05]} Rb1
{[%clk 0:00:05]} 58. Kf3 {[%clk 0:00:05]} Nd1 {[%clk 0:00:06]} 59. Nc4
{[%clk 0:00:06]} Rc1 {[%clk 0:00:06]} 60. Ke2 {[%clk 0:00:07]} f5
{[%clk 0:00:05]} 61. Rxa4 {[%clk 0:00:07]} Kf6 {[%clk 0:00:05]} 62. Kd2
{[%clk 0:00:07]} Ra1 {[%clk 0:00:07]} 63. Ra5 {[%clk 0:00:05]} Nf2
{[%clk 0:00:07]} 64. Ne3 {[%clk 0:00:05]} Ne4+ 65. Kd3 Ng3 {[%clk 0:00:10]} 66.
Ra6+ {[%clk 0:00:06]} Kg5 {[%clk 0:00:11]} 67. Ra8 {[%clk 0:00:06]} f4 68. Rg8+
Kh5 {[%clk 0:00:07]} 69. Rh8+ {[%clk 0:00:08]} Kg5 70. Rg8+ Kh5 {[%clk 0:00:10]}
71. Nd5 {[%clk 0:00:09]} Rf1 {[%clk 0:00:10]} 72. Nxf4+ {[%clk 0:00:09]} Kh4
{[%clk 0:00:11]} 73. Ng2+ Kh3 74. Ne3 {[%clk 0:00:11]} Rf4 75. Rh8+ 1-0

[Event "Blitz 2018"]
[Site "Saint-Petersburg"]
[Date "2018.12.30"]
[Round "14"]
[Board "13"]
[White "Korobov Anton (UKR)"]
[Black "Cheparinov Ivan (GEO)"]
[Result "1/2-1/2"]
[LiveChessVersion "1.4.8"]
[BlackElo "2618"]
[WhiteElo "2677"]

1. d4 {[%clk 0:03:03]} Nf6 {[%clk 0:03:04]} 2. c4 {[%clk 0:03:04]} e6
{[%clk 0:03:05]} 3. Nf3 {[%clk 0:03:04]} d5 {[%clk 0:03:06]} 4. Nc3
{[%clk 0:03:05]} Bb4 {[%clk 0:03:07]} 5. Bg5 {[%clk 0:02:59]} h6 {[%clk 0:03:06]}
6. Bxf6 {[%clk 0:02:58]} Qxf6 {[%clk 0:03:07]} 7. e3 {[%clk 0:02:59]} O-O
{[%clk 0:03:04]} 8. Rc1 {[%clk 0:03:00]} dxc4 {[%clk 0:03:05]} 9. Bxc4
{[%clk 0:03:00]} c5 {[%clk 0:03:06]} 10. O-O {[%clk 0:02:59]} cxd4
{[%clk 0:03:06]} 11. exd4 {[%clk 0:02:59]} Rd8 {[%clk 0:02:49]} 12. Ne4
{[%clk 0:02:55]} Qe7 {[%clk 0:02:49]} 13. a3 {[%clk 0:02:50]} Ba5
{[%clk 0:02:48]} 14. Qc2 {[%clk 0:02:51]} Nc6 {[%clk 0:02:41]} 15. Rfd1
{[%clk 0:02:51]} Bb6 {[%clk 0:02:37]} 16. Qc3 {[%clk 0:02:52]} Bd7
{[%clk 0:02:23]} 17. b4 {[%clk 0:02:49]} Rac8 {[%clk 0:02:21]} 18. Nc5
{[%clk 0:02:43]} Be8 {[%clk 0:02:22]} 19. Re1 {[%clk 0:02:44]} Bxc5
{[%clk 0:01:29]} 20. dxc5 {[%clk 0:02:45]} Qf6 {[%clk 0:01:29]} 21. Qe3
{[%clk 0:02:30]} Nd4 {[%clk 0:01:28]} 22. Ne5 {[%clk 0:02:26]} Ba4
{[%clk 0:01:16]} 23. Qe4 {[%clk 0:02:18]} Bc6 {[%clk 0:01:00]} 24. Nxc6
{[%clk 0:02:11]} Nxc6 {[%clk 0:01:01]} 25. h3 {[%clk 0:02:02]} Rd4
{[%clk 0:01:02]} 26. Qe3 {[%clk 0:02:01]} Rcd8 {[%clk 0:01:02]} 27. Be2
{[%clk 0:02:00]} Ne5 {[%clk 0:01:00]} 28. b5 {[%clk 0:01:57]} Nd3
{[%clk 0:00:58]} 29. Bxd3 {[%clk 0:01:51]} Rxd3 {[%clk 0:00:59]} 30. Qe4
{[%clk 0:01:53]} Rd2 {[%clk 0:00:56]} 31. Rf1 {[%clk 0:01:50]} R2d5
{[%clk 0:00:54]} 32. c6 {[%clk 0:01:48]} bxc6 {[%clk 0:00:54]} 33. bxc6
{[%clk 0:01:49]} Rc8 {[%clk 0:00:53]} 34. Rc4 {[%clk 0:01:46]} Rc7
{[%clk 0:00:48]} 35. a4 {[%clk 0:01:46]} Qe7 {[%clk 0:00:47]} 36. Rfc1
{[%clk 0:01:46]} Qd6 {[%clk 0:00:48]} 37. g3 {[%clk 0:01:42]} g6 {[%clk 0:00:47]}
38. Kg2 {[%clk 0:01:42]} Kg7 {[%clk 0:00:48]} 39. h4 {[%clk 0:01:43]} h5
{[%clk 0:00:50]} 40. R1c3 {[%clk 0:01:37]} Rd2 {[%clk 0:00:49]} 41. Qf3
{[%clk 0:01:22]} Qd5 {[%clk 0:00:48]} 42. Rb4 {[%clk 0:01:14]} Qxf3+
{[%clk 0:00:46]} 43. Kxf3 {[%clk 0:01:14]} Rd6 {[%clk 0:00:46]} 44. Rbc4
{[%clk 0:01:13]} f5 {[%clk 0:00:43]} 45. Ke3 {[%clk 0:01:07]} e5 {[%clk 0:00:39]}
46. f3 {[%clk 0:01:01]} Kf6 {[%clk 0:00:40]} 47. g4 {[%clk 0:00:56]} hxg4
{[%clk 0:00:39]} 48. fxg4 {[%clk 0:00:57]} fxg4 {[%clk 0:00:33]} 49. Ke4
{[%clk 0:00:58]} Ke6 {[%clk 0:00:32]} 50. a5 {[%clk 0:00:57]} Kf6
{[%clk 0:00:31]} 51. Ke3 {[%clk 0:00:44]} Kf5 {[%clk 0:00:30]} 52. Kf2
{[%clk 0:00:45]} e4 {[%clk 0:00:21]} 53. Kg3 {[%clk 0:00:42]} Rd3+
{[%clk 0:00:20]} 54. Rxd3 {[%clk 0:00:32]} exd3 {[%clk 0:00:22]} 55. Kf2
{[%clk 0:00:32]} g3+ {[%clk 0:00:18]} 56. Kxg3 {[%clk 0:00:30]} d2
{[%clk 0:00:19]} 57. Rd4 {[%clk 0:00:31]} Rxc6 58. Rxd2 {[%clk 0:00:32]} Rc3+
{[%clk 0:00:21]} 59. Kg2 {[%clk 0:00:32]} Rc5 {[%clk 0:00:20]} 60. Ra2
{[%clk 0:00:28]} a6 {[%clk 0:00:16]} 61. Ra4 {[%clk 0:00:27]} Rc2+
{[%clk 0:00:15]} 62. Kg3 {[%clk 0:00:28]} Rc3+ {[%clk 0:00:16]} 63. Kg2
{[%clk 0:00:29]} Ke5 1/2-1/2

[Event "Blitz 2018"]
[Site "Saint-Petersburg"]
[Date "2018.12.30"]
[Round "14"]
[Board "14"]
[White "Jakovenko Dmitry (RUS)"]
[Black "Adly Ahmed (EGY)"]
[Result "1-0"]
[LiveChessVersion "1.4.8"]
[BlackElo "2675"]
[WhiteElo "2616"]

1. Nf3 {[%clk 0:03:03]} d5 {[%clk 0:03:03]} 2. d4 {[%clk 0:03:04]} Nf6
{[%clk 0:03:04]} 3. c4 {[%clk 0:03:05]} e6 {[%clk 0:03:02]} 4. Nc3
{[%clk 0:03:06]} c6 {[%clk 0:03:01]} 5. e3 {[%clk 0:03:06]} Nbd7 {[%clk 0:03:01]}
6. Qc2 {[%clk 0:03:07]} Bd6 {[%clk 0:03:01]} 7. Bd3 {[%clk 0:03:08]} O-O
{[%clk 0:03:01]} 8. O-O {[%clk 0:03:09]} Qe7 {[%clk 0:02:59]} 9. h3
{[%clk 0:02:58]} dxc4 {[%clk 0:02:56]} 10. Bxc4 {[%clk 0:02:58]} e5
{[%clk 0:02:57]} 11. a3 {[%clk 0:02:54]} b5 {[%clk 0:02:53]} 12. Ba2
{[%clk 0:02:48]} Bb7 {[%clk 0:02:51]} 13. Bd2 {[%clk 0:02:41]} a5
{[%clk 0:02:44]} 14. Ng5 {[%clk 0:02:34]} Kh8 {[%clk 0:02:24]} 15. Rad1
{[%clk 0:02:25]} b4 {[%clk 0:02:02]} 16. Nce4 {[%clk 0:02:22]} Nxe4
{[%clk 0:01:59]} 17. Nxe4 {[%clk 0:02:22]} bxa3 {[%clk 0:01:57]} 18. Nxd6
{[%clk 0:02:16]} Qxd6 {[%clk 0:01:58]} 19. dxe5 {[%clk 0:02:15]} Nxe5
{[%clk 0:01:49]} 20. Bc3 {[%clk 0:02:05]} Qe7 {[%clk 0:01:45]} 21. bxa3
{[%clk 0:02:06]} c5 {[%clk 0:01:41]} 22. Bd5 {[%clk 0:01:59]} Bxd5
{[%clk 0:01:20]} 23. Rxd5 Ng6 24. Rxc5 {[%clk 0:01:56]} f6 {[%clk 0:01:19]} 25.
Bxa5 {[%clk 0:01:49]} Qb7 {[%clk 0:01:11]} 26. Bb4 {[%clk 0:01:42]} Rfe8
{[%clk 0:01:08]} 27. Rc7 {[%clk 0:01:40]} Qb5 {[%clk 0:01:07]} 28. Qc5
{[%clk 0:01:40]} Qd3 {[%clk 0:01:06]} 29. Qc4 {[%clk 0:01:39]} Qf5
{[%clk 0:01:06]} 30. Rc1 {[%clk 0:01:34]} Ne5 {[%clk 0:01:05]} 31. Qc2
{[%clk 0:01:21]} Qh5 {[%clk 0:01:04]} 32. Rc5 {[%clk 0:01:02]} Qh4
{[%clk 0:01:00]} 33. Qf5 {[%clk 0:01:02]} g6 {[%clk 0:00:48]} 34. Qc2
{[%clk 0:01:00]} Rad8 {[%clk 0:00:48]} 35. Rd1 {[%clk 0:00:58]} Ra8
{[%clk 0:00:46]} 36. Rc7 {[%clk 0:00:55]} Qh5 {[%clk 0:00:37]} 37. Rd6
{[%clk 0:00:52]} Qg5 {[%clk 0:00:31]} 38. Rb6 {[%clk 0:00:46]} Rad8
{[%clk 0:00:29]} 39. Rbb7 {[%clk 0:00:43]} Nf3+ {[%clk 0:00:28]} 40. Kh1
{[%clk 0:00:44]} Qh6 {[%clk 0:00:18]} 41. Rxh7+ {[%clk 0:00:44]} Qxh7
{[%clk 0:00:20]} 42. Rxh7+ {[%clk 0:00:44]} Kxh7 {[%clk 0:00:21]} 43. gxf3
{[%clk 0:00:45]} 1-0